[Event "Tata Steel Tienkampen 2023"]
[Site "Wijk aan Zee"]
[Date "2023.01.25"]
[Round "6.3"]
[White "Zwirs, Nico"]
[Black "Van der Werf, Mark"]
[Result "1-0"]
[WhiteElo "2467"]
[BlackElo "2412"]
[Annotator "TA"]
[PlyCount "107"]
[EventDate "2023.01.20"]
[EventType "swiss"]
[EventCountry "NED"]
[SourceTitle "playchess.com"]
[Source "ChessBase"]
[SourceQuality "1"]

{[%evp 14,107,35,33,84,68,72,58,97,101,96,93,96,62,79,36,127,123,146,148,162,143,128,128,136,139,126,132,127,132,123,95,95,91,110,113,110,108,100,104,100,102,111,98,105,98,100,100,104,108,111,110,120,120,128,119,152,152,150,149,230,143,143,143,151,153,153,152,152,152,150,114,123,87,121,109,109,100,100,100,100,100,113,100,100,100,146,113,113,0,154,160,141,152,29989,29990]} 1. Nf3 Nf6 {[%emt 0:00:15]} 2. c4 {[%emt 0:00:05]} b6 {[%emt 0:03:20]} 3. d4 {[%emt 0:00:46]} Bb7 {[%emt 0:00:15]} 4. Nc3 {[%emt 0:02:05]} e6 {[%emt 0:00:16]} 5. a3 {[%emt 0:00:55]} Ne4 {[%emt 0:05:03]} 6. Nxe4 {[%emt 0:00:21]} Bxe4 {[%emt 0:00:05]} 7. Nd2 {[%emt 0:00:07]} Bg6 {[%emt 0:00:15]} 8. g3 {[%emt 0:08:28]} d5 {[%emt 0:16:17] E12: Queen's Indian: Unusual White 4th moves, 4 a3, 4 Nc3 Bb7 5 a3 and 4 Nc3 Bb7 .} (8... Nc6 $14) 9. Bg2 $16 {[%emt 0:02:19]} Be7 {[%emt 0:00:50]} 10. e4 {[%emt 0:10:55][%cal Re4d5]} dxc4 {[%emt 0:08:13] White is slightly better.} 11. Nxc4 {[%emt 0:01:14]} Nd7 {[%emt 0:04:24]} 12. O-O {[%emt 0:10:54]} O-O {[%emt 0:03:09] [#]} 13. Qe2 $146 {[%emt 0:08:29]} ({Predecessor:} 13. Bf4 Nf6 14. Re1 c6 15. Ne5 Qe8 16. Rc1 c5 17. d5 Nh5 18. d6 Bd8 19. d7 {1-0 Baron Rodriguez,J (2357)-Melendez Fierro,J (2261) Aragon Once op 1st 2003 (4.2)}) 13... c5 {[%emt 0:05:16]} 14. dxc5 {[%emt 0:07:55]} Bxc5 {[%emt 0:01:08]} (14... Nxc5 $14 15. Rd1 Qe8) 15. Rd1 {[%emt 0:02:33]} Qc7 {[%emt 0:03:11]} 16. b4 {[%emt 0:08:06]} Be7 {[%emt 0:01:09]} 17. Bf4 {[%emt 0:13:02]} e5 {[%emt 0:01:21]} 18. Bh3 $1 {[%emt 0:01:59]} Rfd8 {[%emt 0:08:11] [#]} 19. Rxd7 $1 {[%emt 0:03:20]} Rxd7 {[%emt 0:00:05]} 20. Nxe5 {[%emt 0:00:59]} Rd6 {[%emt 0:05:28]} 21. Nc4 {[%emt 0:05:59][%mdl 64] Pin} Bh5 {[%emt 0:07:18]} 22. Qxh5 {[%emt 0:07:13]} Qxc4 {[%emt 0:00:09]} 23. Rc1 {[%emt 0:00:22]} (23. Bxd6 {simplifies} Bxd6 24. Rd1 g6 25. Qf3) 23... Qd4 {[%emt 0:04:43]} 24. Bxd6 {[%emt 0:01:29]} Bxd6 {[%emt 0:00:11] Black is weak on the light squares} 25. Rd1 {[%emt 0:02:32]} Qe5 {[%emt 0:00:41]} 26. Qxe5 {[%emt 0:03:55]} Bxe5 {[%emt 0:00:07][%mdl 4096] Endgame KRB-KRB} 27. Rd7 {[%emt 0:00:56]} Bb2 {[%emt 0:05:01]} 28. a4 {[%emt 0:01:43]} a5 {[%emt 0:00:10]} 29. bxa5 {[%emt 0:00:45]} bxa5 {[%emt 0:00:06]} 30. Bf1 {[%emt 0:00:11]} f6 {[%emt 0:05:35]} 31. Bc4+ {[%emt 0:00:24]} Kh8 {[%emt 0:00:05]} 32. Bd5 {[%emt 0:03:51] White is more active.} Re8 {[%emt 0:00:24]} 33. h4 {[%emt 0:00:40]} g6 {[%emt 0:00:34]} 34. f4 {[%emt 0:01:44]} Ba3 {[%emt 0:00:49]} 35. Kg2 {[%emt 0:00:44]} Bb4 {[%emt 0:05:20]} 36. Kf3 {[%emt 0:00:26]} Be1 {[%emt 0:01:05]} (36... Rc8 $16 {was worth a try.} 37. Rf7 Rf8) 37. Rc7 {[%emt 0:00:33]} Rd8 {[%emt 0:01:19]} 38. Rc1 {[%emt 0:00:37]} Bb4 {[%emt 0:01:13]} 39. g4 {[%emt 0:00:41]} f5 {[%emt 0:01:21]} 40. gxf5 {[%emt 0:00:34]} gxf5 {[%emt 0:00:07]} 41. Rc7 {[%emt 0:00:30]} h6 {[%emt 0:06:32]} 42. Rf7 {[%emt 0:15:35]} fxe4+ {[%emt 0:01:41]} 43. Bxe4 {[%emt 0:00:35]} Rf8 {[%emt 0:06:18]} 44. Rh7+ {[%emt 0:01:38]} Kg8 {[%emt 0:00:07]} 45. Bg6 {[%emt 0:02:06]} Bd2 {[%emt 0:07:51]} 46. f5 {[%emt 0:00:10]} (46. Rxh6 $2 {loses.} Kg7 47. Rh5 Kxg6 48. Rg5+ Kh6 $19) 46... Rf6 {[%emt 0:00:17]} 47. Ke4 {[%emt 0:04:00]} Rb6 {[%emt 0:02:15]} 48. Rc7 {[%emt 0:00:29]} Be1 {[%emt 0:01:16]} 49. h5 {[%emt 0:00:30]} Bg3 {[%emt 0:06:40]} (49... Rd6 $142 50. Be8 Kf8) 50. Ra7 {[%emt 0:02:04]} Be1 {[%emt 0:00:23]} 51. Rc7 {[%emt 0:03:20]} Bg3 $1 {[%emt 0:03:05]} 52. Rh7 {[%emt 0:00:53]} Rb4+ {[%emt 0:04:58]} 53. Kd5 {[%emt 0:00:14] aiming for f6.} Rxa4 $2 {[%emt 0:07:35] [#]} (53... Be1 $16 54. f6 (54. Rxh6 Bc3 $16) 54... Bc3) 54. f6 $1 {[%emt 0:00:34] Weighted Error Value: White=0.11 (very precise) /Black=0.28 (precise)} ({Not} 54. Rxh6 Bf4 55. Rh7 Bg5 $16) 1-0

[Event "Tata Steel Tienkampen 2023"]
[Site "Wijk aan Zee"]
[Date "2023.01.25"]
[Round "6.4"]
[White "Pham, Khoi"]
[Black "Beukema, Stefan"]
[Result "0-1"]
[WhiteElo "2353"]
[BlackElo "2411"]
[Annotator "TA"]
[PlyCount "82"]
[EventDate "2023.01.20"]
[EventType "swiss"]
[EventCountry "NED"]
[SourceTitle "playchess.com"]
[Source "ChessBase"]
[SourceQuality "1"]

{[%evp 23,82,20,43,35,64,28,35,11,53,50,49,41,87,79,82,82,99,82,89,69,72,72,65,27,38,50,55,39,183,160,170,163,144,85,179,156,286,155,148,51,124,28,53,-210,-186,-394,-79,-170,-86,-86,-86,-86,359,-510,-495,-1620,-1618,-1480,-1331,-1075,-961]} 1. e4 e5 {[%emt 0:00:18]} 2. Nf3 {[%emt 0:00:09]} Nc6 {[%emt 0:00:06]} 3. Bb5 {[%emt 0:00:04]} a6 {[%emt 0:00:07]} 4. Ba4 {[%emt 0:00:04]} Nf6 {[%emt 0:00:07]} 5. O-O {[%emt 0:00:06]} Be7 {[%emt 0:00:11]} 6. Re1 {[%emt 0:00:16]} b5 {[%emt 0:00:07]} 7. Bb3 {[%emt 0:00:02]} d6 {[%emt 0:00:07]} 8. c3 {[%emt 0:00:15]} O-O {[%emt 0:00:33]} 9. h3 {[%emt 0:00:04]} Na5 {[%emt 0:00:05]} 10. Bc2 {[%emt 0:00:28]} c5 {[%emt 0:00:14]} 11. d4 {[%emt 0:00:40]} Qc7 {[%emt 0:00:22]} 12. d5 {[%emt 0:00:47]} Bd7 {[%emt 0:01:46]} 13. b3 {[%emt 0:00:50] C97: Closed Ruy Lopez: Chigorin Defence: 11 d4 Qc7, sidelines.} Ne8 {[%emt 0:04:52]} 14. a4 {[%emt 0:12:27]} bxa4 {[%emt 0:04:13]} 15. bxa4 {[%emt 0:03:56] White is slightly better.} g6 {[%emt 0:01:47]} 16. Bh6 {[%emt 0:05:06]} Ng7 {[%emt 0:00:33] [#]} 17. Nfd2 $146 {[%emt 0:01:24]} ({Predecessor:} 17. Nbd2 Kh8 18. Qe2 Rg8 19. Ng5 Be8 20. Qf3 Bf8 21. Qf6 Qe7 22. Qxe7 Bxe7 23. Rab1 {1-0 Yu,S (2504)-Filippov,A (2584) Asian Continental op 08th 2009 (8)}) 17... Rab8 {[%emt 0:08:11]} (17... Qd8 $14) 18. Na3 $16 {[%emt 0:02:16]} c4 {[%emt 0:04:37]} 19. Qe2 $1 {[%emt 0:27:15][%cal Ra3c4]} Rb2 {[%emt 0:01:40]} 20. Reb1 {[%emt 0:05:23]} (20. Naxc4 Rxc2 21. Qd3 Nxc4 22. Nxc4 f5 23. Qxc2 Qxc4 $17) 20... Rfb8 {[%emt 0:00:09]} 21. Rxb2 {[%emt 0:03:38]} Rxb2 {[%emt 0:00:07]} 22. Bd1 {[%emt 0:00:23][%cal Ra3c4]} Bh4 {[%emt 0:29:02]} 23. Be3 {[%emt 0:10:37][%cal Ra3c4]} f5 $1 {[%emt 0:03:27] Hoping for ...f4.} 24. Naxc4 {[%emt 0:07:56]} Nxc4 {[%emt 0:10:10]} 25. Qxc4 {[%emt 0:00:07]} Qd8 {[%emt 0:00:17]} (25... Qb8 $1 $14 26. Nf3 (26. Qxa6 $2 Rxd2 27. Qb6 Qxb6 $19) 26... Bf6) 26. Nf3 $18 {[%emt 0:14:10] aiming for Nxh4.} f4 {[%emt 0:05:29]} 27. Bd2 {[%emt 0:00:05]} Qb6 {[%emt 0:06:35]} 28. Qf1 {[%emt 0:02:57]} ({Better is} 28. Qe2 Bd8 29. a5) 28... Bd8 {[%emt 0:13:48]} (28... a5 $16 {was necessary.}) 29. Be2 {[%emt 0:02:58]} a5 {[%emt 0:02:42]} (29... Nh5 $16) 30. Qd1 {[%emt 0:00:19]} (30. Qc1 $18) 30... Ne8 $16 {[%emt 0:07:26]} 31. Bd3 {[%emt 0:03:58]} (31. Bc1 Rb1 32. Ra2 (32. Rxb1 Qxb1 33. Bd3 Qa1 $11) 32... Qb3 33. Qxb3 Rxb3 $16) (31. Qc1 $1 $16) 31... Nf6 {[%emt 0:02:49]} (31... Qa7 $14) 32. Bc2 {[%emt 0:00:21]} (32. Qc1 $1 $16) 32... Qa7 {[%emt 0:02:02]} 33. Bc1 $2 {[%emt 0:00:20][%mdl 8192]} (33. Be1 $14 {keeps the upper hand.}) 33... Nxe4 $1 $19 {[%emt 0:00:22][%mdl 64] Double Attack} 34. Nd4 $2 {[%emt 0:03:24]} ({Reject} 34. Bxb2 Qxf2+ 35. Kh2 (35. Kh1 $2 Bxh3 36. Qg1 Qxc2 $19) 35... Qg3+ 36. Kg1 Bb6+ 37. Nd4 exd4 38. Bxe4 dxc3+ 39. Kh1 cxb2 $19) (34. Qe2 Nxc3 35. Qd2) 34... Nxc3 $2 {[%emt 0:00:24] White is weak on the dark squares} (34... Nxf2 $1 $19 {has better winning chances.} 35. Kxf2 exd4 36. Bxb2 dxc3+ 37. Kf1 cxb2) 35. Qd3 {[%emt 0:00:24]} (35. Qe1 $17 Rxc2 36. Nxc2 Nxa4 37. Ba3) 35... Rb4 {[%emt 0:00:44]} (35... Nxd5 $2 36. Bxb2 Nb4 37. Bb3+ Kg7 38. Qd2 $18) ({Black should try} 35... Ra2 $19 36. Nc6 Bxc6 37. Rxa2 Nxa2 38. dxc6 Nxc1) 36. Nc6 $17 {[%emt 0:01:41]} Bxc6 {[%emt 0:00:06]} 37. dxc6 {[%emt 0:00:14]} Bh4 $2 {[%emt 0:01:12][%mdl 8192] [#] Black is more active.} 38. Qf3 {[%emt 0:01:48][%mdl 8192] [#] Repels Ne2+} (38. Qxc3 $2 Qxf2+ 39. Kh1 Qf1+ 40. Kh2 Bg3+ $19) (38. Bd2 $1 $18 {[%cal Rd2c3] was the only winning move.}) 38... e4 $1 $19 {[%emt 0:00:23][%cal Be5e4,Be4f3][%mdl 32] Black is clearly winning.} ({And not} 38... Qc5 39. Ba3 Bxf2+ 40. Qxf2 Ne2+ 41. Kf1 Ng3+ 42. Kg1 Ne2+ 43. Kf1 Ng3+ 44. Kg1 Ne2+ $11) 39. c7 {[%emt 0:02:09]} (39. Qxc3 $2 {perishes.} Qxf2+ 40. Kh1 Qf1+ 41. Kh2 Bg3+) (39. Bxe4 $142 Nxe4 40. Bxf4 Qxf2+ 41. Kh2) 39... exf3 {[%emt 0:01:13]} 40. c8=Q+ {[%emt 0:00:08]} Kf7 {[%emt 0:00:03]} 41. Be3 {[%emt 0:02:47]} Ne2+ {[%emt 0:01:25] An exciting game.   Weighted Error Value: White=0.80/Black=0.62} 0-1

[Event "Tata Steel Tienkampen 2023"]
[Site "Wijk aan Zee"]
[Date "2023.01.25"]
[Round "6.5"]
[White "De Winter, Arthur"]
[Black "Culum, Sanjin"]
[Result "1-0"]
[WhiteElo "2371"]
[BlackElo "2242"]
[Annotator "TA"]
[PlyCount "75"]
[EventDate "2023.01.20"]
[EventType "swiss"]
[EventCountry "NED"]
[SourceTitle "playchess.com"]
[Source "ChessBase"]
[SourceQuality "1"]

{[%evp 12,75,25,37,29,20,56,61,50,56,70,77,76,88,84,69,112,102,150,56,124,104,166,175,341,326,329,321,287,171,153,172,161,162,156,137,133,100,905,0,0,0,0,0,822,831,743,656,1901,1892,1878,1793,1599,1516,29969,1881,29968,1931,29976,29977,29977,29978,29991,29992,29998,29999]} 1. e4 {[%emt 0:00:03]} Nc6 {[%emt 0:00:14]} 2. Nc3 {[%emt 0:01:51]} Nf6 {[%emt 0:00:10]} 3. d4 {[%emt 0:01:49][%cal Bd2d4,Bd4d5][%mdl 32]} d6 {[%emt 0:00:18]} 4. Nf3 {[%emt 0:02:48]} g6 {[%emt 0:00:06]} 5. h3 {[%emt 0:01:18]} Bg7 {[%emt 0:00:07]} 6. Be3 {[%emt 0:00:05]} O-O {[%emt 0:00:13]} 7. Qd2 {[%emt 0:01:38]} a6 {[%emt 0:00:10] B08: Pirc Defence: Classical System.} 8. d5 {[%emt 0:08:13]} Ne5 {[%emt 0:03:04]} 9. Nxe5 {[%emt 0:05:28]} dxe5 {[%emt 0:00:08] [#] White is slightly better.} 10. g4 $146 {[%emt 0:01:51]} ({Predecessor:} 10. Bd3 e6 11. dxe6 Bxe6 12. Bh6 Re8 13. Bxg7 Kxg7 14. Qg5 Nd7 15. Qg3 Qf6 16. Ne2 {1-0 Miguel Carrera,C (1444)-Vega Bilbao,L (1142) ESP-chT Regional U16 2021 (2.3)}) 10... e6 {[%emt 0:12:34]} 11. O-O-O {[%emt 0:03:28]} exd5 {[%emt 0:02:30]} 12. exd5 {[%emt 0:02:40]} (12. g5 d4 13. gxf6 Qxf6 $15) 12... Ne8 {[%emt 0:03:27][%cal Bf6e8,Be8d6,Bd6e4][%mdl 32]} 13. Be2 {[%emt 0:02:55]} Nd6 {[%emt 0:08:11]} 14. h4 $1 {[%emt 0:06:57]} f5 {[%emt 0:03:00]} (14... e4 $142) 15. f3 {[%emt 0:08:25]} (15. h5 $16) 15... e4 {[%emt 0:18:23]} (15... f4 $14 16. Bc5 e4) 16. fxe4 $1 $16 {[%emt 0:04:55]} f4 {[%emt 0:00:43]} (16... Bxc3 $16 {was worth a try.} 17. Qxc3 Nxe4) 17. Bxf4 $18 {[%emt 0:10:56] And now e5 would win.} Bxc3 {[%emt 0:07:16]} (17... Qf6) 18. bxc3 {[%emt 0:00:19] Hoping for e5.} Nxe4 {[%emt 0:02:24]} 19. Qe3 {[%emt 0:00:54]} Qf6 {[%emt 0:09:03]} 20. Bxc7 {[%emt 0:14:26]} (20. Rhf1 $142 Re8 21. d6 (21. Bxc7 Qxc3 22. Qxc3 Nxc3 $14) 21... Qxc3 22. Qxc3 Nxc3 23. Bc4+ Be6 24. Bxe6+ {[%mdl 64] Remove Defender} Rxe6 25. d7 Nxd1 26. Rxd1) 20... Nxc3 {[%emt 0:01:20] [#]} 21. Bc4 $1 {[%emt 0:07:29] Threatens to win with d6+.} Nxd1 {[%emt 0:03:47]} 22. Rxd1 {[%emt 0:00:54]} Bxg4 {[%emt 0:03:57] ...Qa1+ is the strong threat.} 23. Be5 {[%emt 0:03:04] Dodges Qa1+. Active counter play!} Qf7 {[%emt 0:02:34] Prevents d6} 24. Rd4 {[%emt 0:03:17]} Qd7 {[%emt 0:07:21][%mdl 8192] [#]} (24... Bf5 $16) 25. Rxg4 $2 {[%emt 0:06:51]} Qxg4 $11 {[%emt 0:00:46]} 26. Bd4 $1 {[%emt 0:00:03] Threatening mate with d6+. This pair of bishops is nice.} Rac8 {[%emt 0:09:17]} (26... Qxh4 $2 27. d6+ Rf7 28. Qe5 $18 (28. Bxf7+ Kxf7 29. Qe5 Re8 $11) (28. Bxf7+ Kxf7 29. Qb3+ Kf8 $11)) 27. Bb3 $40 {[%emt 0:00:08][%mdl 128] White wants to mate with d6+. White is up to no good. The board is on fire.} Qf5 $2 {[%emt 0:03:23][%mdl 8192]} (27... Qxh4 28. Qe6+ Rf7 29. Qxc8+) (27... Rf1+ $2 28. Kb2 b5 29. Qe5 $16) (27... b5 $11 28. Kb2 Qd7) 28. d6+ $18 {[%emt 0:01:47]} Rf7 {[%emt 0:00:05]} 29. Qh6 {[%emt 0:00:37][%csl Gd4][%cal Rh6g7]} Qf1+ {[%emt 0:01:53]} 30. Kb2 {[%emt 0:00:48][%csl Gd4][%cal Rh6g7]} Rc4 {[%emt 0:00:20]} 31. Qe3 {[%emt 0:01:52] d7 would kill now.} Kf8 {[%emt 0:03:39]} 32. Qe5 {[%emt 0:00:29][%cal Re5h8]} (32. Bxc4 Qxc4 33. Bc5 Rd7 34. Qh6+ Kg8 $17) 32... Rd7 {[%emt 0:04:51]} 33. Qh8+ {[%emt 0:00:39]} ({Inferior is} 33. Bxc4 Qxc4 34. Qh8+ Qg8 35. Qf6+ Qf7 36. Qh8+ Qg8 37. Qf6+ Qf7 38. Qh8+ Qg8 $11) 33... Kf7 {[%emt 0:00:02]} 34. Qg7+ {[%emt 0:00:08]} (34. Bxc4+ Qxc4 35. Qxh7+ Kf8 36. Qxd7 Qb4+ 37. Kc1 Qe1+ 38. Kb2 Qb4+ 39. Kc1 Qe1+ 40. Kb2 Qb4+ $11) (34. Qc8 $142 Rxd6 35. Bxc4+ Qxc4 36. Qxc4+ Re6 37. Qc7+ {[%mdl 64] Skewer, Double Attack} Re7 38. Qf4+ Ke8 39. Bc5) 34... Ke6 {[%emt 0:00:08]} 35. Qe5+ {[%emt 0:00:05] White mates.} ({Worse is} 35. Bxc4+ Qxc4 36. Qe5+ Kf7 37. Qg7+ Ke8 38. Qh8+ Kf7 39. Qxh7+ Ke6 40. Qxg6+ Kd5 41. Qf5+ Kxd4 $11) 35... Kf7 {[%emt 0:00:15]} 36. Qd5+ {[%emt 0:00:03]} ({Stronger than} 36. Bxc4+ Qxc4 37. Qg7+ Ke8 38. Qh8+ Kf7 39. Qxh7+ Ke6 40. Qxg6+ Kd5 $11) 36... Ke8 {[%emt 0:00:43]} 37. Qe6+ {[%emt 0:00:32]} Kd8 {[%emt 0:01:05]} 38. Qg8+ {[%emt 0:00:05] Beautiful play by De Winter!   Weighted Error Value: White=0.45/Black=0.63} 1-0

[Event "Tata Steel Tienkampen 2023"]
[Site "Wijk aan Zee"]
[Date "2023.01.28"]
[Round "8.1"]
[White "Zwirs, Nico"]
[Black "Beukema, Stefan"]
[Result "0-1"]
[WhiteElo "2467"]
[BlackElo "2411"]
[Annotator "TA"]
[PlyCount "106"]
[EventDate "2023.01.20"]
[EventType "swiss"]
[EventCountry "NED"]
[SourceTitle "playchess.com"]
[Source "ChessBase"]
[SourceQuality "1"]

{[%evp 9,106,47,42,27,33,31,38,46,44,0,0,0,3,-21,17,0,0,-12,7,-1,0,-19,-21,-14,-2,-31,-29,-32,-34,-31,-33,-50,-22,-68,-43,-43,-38,-39,-38,-58,-57,-63,-44,-62,-35,-60,-69,-54,-69,-56,-62,-54,-10,-12,53,53,53,0,0,0,0,-107,-164,-154,-155,-155,-145,-233,-229,-443,-446,-806,-771,-1393,-676,-1068,-1062,-1029,-663,-29959,-29962,-29962,-1256,-29986,-29955,-5406,-5289,-29982,-29980,-29981,-29982,-29982,-29983,-29983,-29984,-29984,-29985,-29985,-29985]} 1. d4 {[%emt 18:29:32]} f5 {[%emt 0:02:31]} 2. Nc3 {[%emt 0:00:07]} Nf6 {[%emt 0:00:16]} 3. Bf4 {[%emt 0:00:06]} d6 {[%emt 0:01:02]} 4. Qd3 {[%emt 0:00:50]} e6 {[%emt 0:06:17]} 5. e4 {[%emt 0:01:17]} fxe4 {[%emt 0:05:11]} 6. Nxe4 {[%emt 0:00:41] [#] A80: Dutch Defence: Unusual White second moves.} Nc6 $146 {[%emt 0:01:46]} ({Predecessor:} 6... Be7 7. Nf3 O-O 8. O-O-O Nc6 9. h4 Nb4 10. Nxf6+ Bxf6 11. Qb3 c5 12. dxc5 Bxb2+ 13. Kxb2 Rxf4 14. Rxd6 {1-0 Gupta,A (2631)-Sandipan,C (2458) Dubai op 22nd 2022 (9)}) 7. Nf3 {[%emt 0:05:01]} Bd7 {[%emt 0:00:41]} 8. c3 {[%emt 0:03:14] White is slightly better.} Qe7 {[%emt 0:02:13]} 9. O-O-O {[%emt 0:06:23]} O-O-O {[%emt 0:02:44]} 10. Bg3 {[%emt 0:15:13]} h6 {[%emt 0:04:38]} 11. Be2 {[%emt 0:16:42]} g5 {[%emt 0:05:07]} 12. Nxf6 {[%emt 0:06:52]} (12. h4 $5 {[%cal Rh4g5]}) 12... Qxf6 {[%emt 0:00:06]} 13. Nd2 {[%emt 0:00:07]} Qg7 {[%emt 0:08:40]} 14. Rhe1 {[%emt 0:04:58]} Ne7 {[%emt 0:02:54][%cal Bc6e7,Be7d5,Bd5f4][%mdl 32]} 15. h3 {[%emt 0:10:52]} h5 {[%emt 0:01:57]} 16. f3 {[%emt 0:03:30]} Nd5 {[%emt 0:04:12]} 17. c4 {[%emt 0:07:25]} Nf4 {[%emt 0:02:16]} 18. Bxf4 {[%emt 0:00:04]} gxf4 {[%emt 0:00:05]} 19. Bf1 {[%emt 0:00:41]} Be7 {[%emt 0:05:33]} 20. Ne4 {[%emt 0:04:47]} Rhe8 {[%emt 0:02:16]} (20... Bh4 $5 {[%cal Rh4e1]} 21. Re2 Be7 $15) 21. Nc3 {[%emt 0:04:46]} (21. Qd2 $11) 21... Bf6 {[%emt 0:01:29]} 22. Re2 {[%emt 0:00:54]} Kb8 {[%emt 0:04:00][%cal Od6d5]} 23. Ne4 {[%emt 0:01:56]} Be7 {[%emt 0:03:12]} 24. Nc3 {[%emt 0:01:49]} Bc8 {[%emt 0:08:29]} 25. a3 {[%emt 0:06:39]} Bh4 {[%emt 0:03:22]} 26. Qc2 {[%emt 0:03:25]} Bf6 {[%emt 0:00:58]} 27. Qd3 {[%emt 0:01:26]} c5 {[%emt 0:04:14]} 28. dxc5 {[%emt 0:00:28]} dxc5 {[%emt 0:00:04]} 29. Qc2 {[%emt 0:00:19]} Bd4 {[%emt 0:00:29]} 30. Ree1 {[%emt 0:01:34] White is weak on the dark squares} Rd6 {[%emt 0:02:19]} 31. Nb5 {[%emt 0:00:29] [#]} Red8 {[%emt 0:01:35]} 32. Nxd6 $14 {[%emt 0:01:35]} Rxd6 {[%emt 0:00:07]} 33. Bd3 {[%emt 0:01:13]} (33. Kb1 $14) 33... Rb6 $11 {[%emt 0:02:18][%cal Rb6b2]} 34. b3 {[%emt 0:00:05]} a5 {[%emt 0:00:03][%cal Oa5a4] ...a4! is the strong threat.} 35. a4 {[%emt 0:01:02]} (35. Be4 $11) 35... Bd7 $1 $17 {[%emt 0:00:29][%cal Bc8d7,Bd7a4,Ba4e8][%mdl 32] aiming for ...Bxa4! Black is more active. Black keeps a firm grip on the game.} 36. Be4 {[%emt 0:01:13] [#]} Bxa4 $1 {[%emt 0:04:02][%mdl 512] This pair of bishops is nice.} 37. Rd3 {[%emt 0:00:26] [#]} (37. bxa4 $2 Be3+ 38. Rxe3 fxe3 39. Rd8+ Kc7 $19) 37... Be8 {[%emt 0:00:36][%mdl 1024] Black has strong compensation.} 38. Kd1 {[%emt 0:00:41] [#]} (38. Qd2 $17) 38... a4 $1 $19 {[%emt 0:00:22]} 39. Qa2 $2 {[%emt 0:00:28]} (39. Kc1 {keeps fighting.}) 39... Bc3 {[%emt 0:01:57]} 40. Rd8+ {[%emt 0:00:18]} (40. Re2 $142 Rxb3 41. Rc2 (41. Rd8+ $2 Kc7 $19)) 40... Kc7 {[%emt 0:05:19]} 41. Rxe8 {[%emt 0:04:22]} Qd7+ {[%emt 0:23:30]} (41... Qd4+ $142 42. Kc1 axb3) 42. Kc1 {[%emt 0:10:06]} axb3 {[%emt 0:11:53]} 43. Qf2 {[%emt 0:01:25]} Bd4 {[%emt 0:04:26]} ({Stronger than} 43... Qxe8 44. Qxc5+ Kb8 45. Qxb6 $14) 44. Qh4 {[%emt 0:00:17]} b2+ {[%emt 0:02:00]} 45. Kc2 {[%emt 0:04:49]} Qxe8 {[%emt 0:00:07]} (45... b1=B+ $142 46. Rxb1 Qa4+ 47. Kd3 Qa3+ 48. Kd2 Qa2+ {[%mdl 64] Skewer, Double Attack} 49. Bc2 Be3+ 50. Ke1 Rxb1+ 51. Bxb1 Qxb1+ 52. Ke2 Qc2+ 53. Ke1 Qc3+ 54. Kf1 Qxc4+ 55. Ke1 Qb4+ 56. Ke2 Qb5+ 57. Ke1 Qb1+ 58. Ke2 Qb5+ 59. Ke1 Qxe8 60. Qf6 Qb5 61. Qg7+ Kc6 62. Qc3 Qb1+ 63. Ke2 Qa2+ 64. Kd1 Qxg2 65. Qd3 Qxf3+ 66. Qe2 Qxe2+ 67. Kxe2 c4 68. Ke1 f3 69. h4 c3 70. Kd1 Kb5 71. Kc2 Kc4 72. Kb1 Kb3 73. Ka1 f2 74. Kb1 f1=Q#) 46. Rb1 {[%emt 0:07:17]} Qa4+ {[%emt 0:01:42]} 47. Kd2 {[%emt 0:00:10]} Qxc4 {[%emt 0:05:37] ( -> ...Bc3+)} 48. Qe7+ {[%emt 0:01:26]} Kb8 {[%emt 0:00:22] Black mates.} 49. Bd3 {[%emt 0:01:09] [#]} Qc1+ $3 {[%emt 0:00:26][%mdl 512]} 50. Rxc1 {[%emt 0:00:05]} Be3+ {[%emt 0:00:04][%mdl 64] Skewer, Deflection} 51. Ke2 {[%emt 0:00:18]} bxc1=Q {[%emt 0:00:09]} ({Worse is} 51... bxc1=R 52. Qe8+ Kc7 53. Qe7+ Kc8 54. Qe8+ Kc7 55. Qe7+ Kc8 56. Qe8+ Kc7 $11) 52. Qe8+ {[%emt 0:00:28]} Ka7 {[%emt 0:00:05]} 53. Qa4+ {[%emt 0:00:20] [#]} Ra6 $1 {[%emt 0:00:06] A superb game by Beukema.   Weighted Error Value: White=1.14/Black=0.40} 0-1